[Event "Tournament for UK players"]
[Site "SchemingMind.com"]
[Date "2004.09.02"]
[Round "-"]
[White "Mel"]
[Black "Stephen"]
[Result "0-1"]
[WhiteCountry "USA"]
[BlackCountry "ENG"]
[WhiteElo "1456"]
[WhiteRD "88"]
[BlackElo "1914"]
[BlackRD "86"]
[GameID "3688"]

1. c4 Nf6 2. d4 c6 3. Nf3 d5 4. e3 g6 5. Bd3 Bg7 6. O-O O-O 7. c5 Bg4 8. Nbd2 Nbd7 9. Qe2 e5 10. e4 dxe4
11. Bxe4 exd4 12. b4 Re8 13. h3 d3 14. Qxd3 Nxe4 15. hxg4 Nxd2 16. Bxd2 Bxa1 17. Rxa1 Nf6 18. Qc4 Qd5 19. Qf4 Ne4 20. Qh6 f6
21. Be3 Rad8 22. Bd4 Qf7 23. Qe3 Ng3 24. Ne5 fxe5 25. Bxe5 Nf5 26. gxf5 Qxf5 27. f4 Rd3 28. Qe1 Qe6 29. Qh4 Red8 30. Qf6 Qxf6
31. Bxf6 Rd1+ 32. Kh2 Rxa1 33. Bxa1 Rd2 34. a4= Ra2 35. Be5 Rxa4 36. Bc3 a5 37. bxa5 Rxf4 38. Kg3 Rc4 39. Bd2 Rxc5 40. Be3 Rxa5
0-1

[Event "Tournament for UK players"]
[Site "SchemingMind.com"]
[Date "2004.09.02"]
[Round "-"]
[White "Stephen"]
[Black "Mel"]
[Result "1-0"]
[WhiteCountry "ENG"]
[BlackCountry "USA"]
[WhiteElo "1914"]
[WhiteRD "86"]
[BlackElo "1456"]
[BlackRD "88"]
[GameID "3689"]

1. d4 e6 2. Nf3 d5 3. Bg5 Be7 4. Bxe7 Nxe7 5. e3 O-O 6. Bd3 c5 7. c3 c4 8. Bc2 Bd7 9. Nbd2 b6 10. Ne5 Nf5
11. Qf3 f6 12. Nxd7 Qxd7 13. O-O e5 14. Qxf5 e4 15. Qxd7 Nxd7 16. f3 f5 17. fxe4 g6 18. exf5 Rf6 19. fxg6 h6 20. Rxf6 Nxf6
21. Rf1 Kg7 22. e4 Ng4 23. Re1 Re8 24. e5 h5 25. h3 Nh6 26. Rf1 b5 27. Rf6 Ng8 28. Rf7+ Kh6 29. Nf3 Ne7 30. Rh7#
1-0

[Event "Tournament for UK players"]
[Site "SchemingMind.com"]
[Date "2004.09.02"]
[Round "-"]
[White "Austin Lockwood"]
[Black "Mel"]
[Result "1-0"]
[WhiteCountry "ENG"]
[BlackCountry "USA"]
[WhiteElo "1637"]
[WhiteRD "70"]
[BlackElo "1443"]
[BlackRD "90"]
[GameID "3690"]

1. e4 e5 2. Nf3 Nc6 3. Bb5 Bc5 4. O-O Nf6 5. c3 Nxe4 6. d4 Nd6 7. dxc5 Nxb5 8. a4 e4 9. Nd4 Nbxd4 10. cxd4 d5
11. cxd6 Qxd6 12. Re1 Be6 13. Rxe4 O-O 14. Nc3 Rad8 15. Bf4 Qb4 16. d5 Qxb2 17. Rc1 Nb4 18. Rc4 Bxd5 19. Nxd5 Rxd5 20. Qf1 c6
21. Rb1 Rfd8 22. Rxb2 Rd1 23. Rbxb4
1-0

[Event "Tournament for UK players"]
[Site "SchemingMind.com"]
[Date "2004.09.02"]
[Round "-"]
[White "Austin Lockwood"]
[Black "Stephen"]
[Result "0-1"]
[WhiteCountry "ENG"]
[BlackCountry "ENG"]
[WhiteElo "1637"]
[WhiteRD "70"]
[BlackElo "1903"]
[BlackRD "82"]
[GameID "3691"]

1. e4 d5 2. Qh5 Nf6 3. Qe2 dxe4 4. Nc3 e6 5. Nxe4 Nbd7 6. Nxf6+ Nxf6 7. Nf3 Bd6 8. d3 b6 9. Bd2 Bb7 10. O-O-O c5
11. Ne5 Qc7 12. Bf4 Nd5 13. Bg3 O-O 14. c4 Nb4 15. Kb1 Nc6 16. Nxc6 Bxc6 17. Bxd6 Qxd6 18. Rg1 Qxh2 19. g3 Qxg1 20. Bh3 Qh2
21. Bg4 Rad8 22. Bf3 Bxf3 23. Qxf3 Qh6 24. Rh1 Qg6 25. Kc1 Qxd3 26. Qxd3 Rxd3
0-1

[Event "Tournament for UK players"]
[Site "SchemingMind.com"]
[Date "2004.09.02"]
[Round "-"]
[White "Mel"]
[Black "Austin Lockwood"]
[Result "1-0"]
[WhiteCountry "USA"]
[BlackCountry "ENG"]
[WhiteElo "1539"]
[WhiteRD "81"]
[BlackElo "1576"]
[BlackRD "73"]
[GameID "3692"]

1. Nf3 b6 2. e4 Bb7 3. Nc3 e6 4. a3 Nf6 5. Bd3 Be7 6. O-O O-O 7. b4 a5 8. b5 c6 9. Bb2 cxb5 10. Nxb5 Ba6
11. Bd4 Bxb5 12. Bxb5 Nxe4 13. Bd3 Nc6 14. Bxe4 Nxd4 15. Bxa8 Qxa8 16. Nxd4 Bf6 17. c3 Bxd4 18. cxd4 Qd5 19. Qe2 Qxd4 20. Rac1 f5
21. Qa6 f4 22. Rc8 Rxc8 23. Qxc8+ Kf7 24. Qc3 Qe4 25. f3 Qd5 26. Rb1 Qd6 27. d4 Ke7 28. Rb5 Kd8 29. Qb2 Kc7 30. Re5 h6
31. Qc1+ Kb7 32. Qc3 g6 33. Rb5 Qc6 34. Qc5 d6 35. Qxc6+ Kxc6 36. Rb3 b5 37. g4 fxg3 38. hxg3 e5 39. dxe5 dxe5 40. Kf2 Kc5
41. Rc3+ Kd4 42. Rc6 b4 43. Ra6 Kc3 44. Rxa5 bxa3 45. Rxa3+ Kd4 46. Ra6 g5 47. Rxh6 e4 48. Re6 exf3 49. Kxf3 g4+ 50. Kxg4 Kd5
51. Re3 Kd4 52. Kf4 Kd5 53. Re4 Kd6 54. Re5 Kd7 55. Kf5 Kd6 56. Kf6 Kd7 57. Re6 Kc7 58. Ke7 Kc8 59. Rc6+ Kb7 60. Kd7 Kb8
61. Rb6+ Ka7 62. Kc7 Ka8 63. Ra6#
1-0

[Event "Tournament for UK players"]
[Site "SchemingMind.com"]
[Date "2004.09.02"]
[Round "-"]
[White "Stephen"]
[Black "Austin Lockwood"]
[Result "1-0"]
[WhiteCountry "ENG"]
[BlackCountry "ENG"]
[WhiteElo "1903"]
[WhiteRD "82"]
[BlackElo "1637"]
[BlackRD "70"]
[GameID "3693"]

1. d4 d5 2. Nf3 Nf6 3. Bg5 Ne4 4. Bh4 c5 5. e3 Qb6 6. Qc1 cxd4 7. exd4 e6 8. c3 Bd6 9. Nbd2 O-O 10. Bd3 Nxd2
11. Qxd2 Qc7 12. Bg3 Bxg3 13. hxg3 Nc6 14. Bxh7+ Kh8 15. Qg5
1-0

[Event "Tournament for UK players"]
[Site "SchemingMind.com"]
[Date "2004.09.03"]
[Round "-"]
[White "bunnywabbit"]
[Black "Austin Lockwood"]
[Result "1-0"]
[WhiteCountry "SCO"]
[BlackCountry "ENG"]
[WhiteElo "2046"]
[WhiteRD "96"]
[BlackElo "1648"]
[BlackRD "74"]
[GameID "3704"]

1. d4 d5 2. Nf3 Nc6 3. e3 Bg4 4. Be2 g6 5. O-O Bh6 6. Nbd2 Qd6 7. c4 O-O-O 8. b3 Nf6 9. Bb2 dxc4 10. Nxc4 Qe6
11. Rc1 Ne4 12. Nfe5 Bxe2 13. Qxe2 Nxe5 14. Nxe5 f6 15. Qc2 c6 16. Qxe4 fxe5 17. dxe5 Rd2 18. Rc2 Rxc2 19. Qxc2 Kb8 20. Rd1 Rf8
21. Bd4 Qg4 22. h3 Qe6 23. Qc5 b6 24. Qb4 c5 25. Bxc5 Bg5 26. f4 Rc8 27. Bxb6 axb6 28. fxg5 Qxe5 29. Qf4 Qxf4 30. exf4 h5
31. Re1 Rc2 32. Rxe7 Rxa2 33. Re6 Kc7 34. Rxg6 Rb2 35. f5 Rxb3 36. Re6 Rb5 37. Rf6 Rd5 38. g6
1-0

[Event "Tournament for UK players"]
[Site "SchemingMind.com"]
[Date "2004.09.04"]
[Round "-"]
[White "bunnywabbit"]
[Black "Mel"]
[Result "1-0"]
[WhiteCountry "SCO"]
[BlackCountry "USA"]
[WhiteElo "1988"]
[WhiteRD "103"]
[BlackElo "1443"]
[BlackRD "90"]
[GameID "3705"]

1. d4 Nf6 2. Nf3 e6 3. e3 Bd6 4. Bd3 c5 5. O-O O-O 6. e4 Qc7 7. e5 c4 8. exd6 Qc6 9. Be2 b5 10. Nc3 b4
11. Ne5 Qb7 12. Bf3 Nc6 13. Ne4 Qb5 14. Nxf6+ gxf6 15. Bxc6 dxc6 16. Qg4+
1-0

[Event "Tournament for UK players"]
[Site "SchemingMind.com"]
[Date "2004.09.04"]
[Round "-"]
[White "bunnywabbit"]
[Black "Stephen"]
[Result "1/2-1/2"]
[WhiteCountry "SCO"]
[BlackCountry "ENG"]
[WhiteElo "2076"]
[WhiteRD "92"]
[BlackElo "1866"]
[BlackRD "81"]
[GameID "3706"]

1. d4 d5 2. Nf3 Nf6 3. e3 Bg4 4. c4 c6 5. Nc3 e6 6. Be2 Bd6 7. b3 Nbd7 8. Bb2 O-O 9. O-O Rc8 10. h3 Bh5
11. c5 Bb8 12. Qc2 Qc7 13. g3 Bg6 14. Bd3 Bxd3 15. Qxd3 e5 16. dxe5 Nxe5 17. Nxe5 Qxe5 18. Qc2 Qe6 19. Kg2 Rce8 20. Rad1 Be5
21. Ne2 Bxb2 22. Qxb2 Ne4 23. Nf4 Qe7 24. b4 Qe5 25. Qxe5 Rxe5 26. Rd3 a6 27. Rfd1 Rfe8 28. Rd4=
1/2-1/2

[Event "Tournament for UK players"]
[Site "SchemingMind.com"]
[Date "2004.09.03"]
[Round "-"]
[White "Austin Lockwood"]
[Black "bunnywabbit"]
[Result "0-1"]
[WhiteCountry "ENG"]
[BlackCountry "SCO"]
[WhiteElo "1648"]
[WhiteRD "74"]
[BlackElo "2046"]
[BlackRD "96"]
[GameID "3707"]

1. d4 f5 2. g3 Nf6 3. Bg2 g6 4. Nf3 Bg7 5. O-O O-O 6. b3 d6 7. Bb2 c6 8. Nc3 Nbd7 9. Qd3 Qc7 10. Qc4+ d5
11. Qd3 e5 12. dxe5 Nxe5 13. Nxe5 Qxe5 14. e3 Qd6 15. f4 Re8 16. a4 Ng4 17. Rfe1 Qc5 18. Bf3 Rxe3 19. Rxe3 Nxe3 20. Kh1 d4
21. Bc1 Nxc2 22. Qxc2 Qxc3 23. Qxc3 dxc3 24. Be3 Be6 25. b4 c2 26. Rc1 Bb3 27. g4 fxg4 28. Bxg4 Bxa4 29. Be6+ Kh8 30. f5 Re8
31. Bg5 gxf5 32. Bxf5 Re5 33. Rxc2 Bxc2
0-1

[Event "Tournament for UK players"]
[Site "SchemingMind.com"]
[Date "2004.09.03"]
[Round "-"]
[White "Mel"]
[Black "bunnywabbit"]
[Result "0-1"]
[WhiteCountry "USA"]
[BlackCountry "SCO"]
[WhiteElo "1456"]
[WhiteRD "88"]
[BlackElo "2046"]
[BlackRD "96"]
[GameID "3708"]

1. e4 c5 2. Bc4 e6 3. Nf3 Nc6 4. d4 cxd4 5. Nxd4 Nf6 6. Bg5 Qa5+ 7. Bd2 Bb4 8. c3 Nxd4 9. cxb4 Qe5 10. Bc3 Qxe4+
11. Be2 Nc2+ 12. Kf1 Nxa1 13. Nd2 Qf5 14. Nc4 Ne4 15. Bf3 O-O 16. Bxe4 Qxe4 17. Nd6 Qc2 18. Qxa1 Qd3+ 19. Ke1 Qxd6 20. Ke2 b6
21. b3 Bb7 22. Bxg7 Ba6+ 23. Ke1 Qxb4+ 24. Bc3 Qe4+ 25. Kd2 Qd3+ 26. Kc1 Rac8
0-1

[Event "Tournament for UK players"]
[Site "SchemingMind.com"]
[Date "2004.09.03"]
[Round "-"]
[White "Stephen"]
[Black "bunnywabbit"]
[Result "0-1"]
[WhiteCountry "ENG"]
[BlackCountry "SCO"]
[WhiteElo "1866"]
[WhiteRD "81"]
[BlackElo "2076"]
[BlackRD "92"]
[GameID "3709"]

1. d4 f5 2. Nf3 Nf6 3. g3 g6 4. Bg2 Bg7 5. O-O O-O 6. c4 d6 7. Nc3 Qe8 8. d5 Na6 9. Nd4 Bd7 10. Rb1 c6
11. e4 fxe4 12. Nxe4 Nxe4 13. Bxe4 Nc5 14. Bg2 e5 15. Nb3 Nxb3 16. Qxb3 c5 17. Be3 b6 18. Rbe1 b5 19. f4 bxc4 20. Qc2 Rb8
21. fxe5 Rxf1+ 22. Rxf1 Bxe5 23. Bc1 Bb5 24. Bh6 c3 25. bxc3 Bxf1 26. Bxf1 Qf7 27. Bg2 Qf6 28. Bd2 Rf8 29. Be1 Qe7 30. Qd2 Re8
0-1

[Event "Tournament for UK players"]
[Site "SchemingMind.com"]
[Date "2004.09.03"]
[Round "-"]
[White "AdamMorris"]
[Black "Austin Lockwood"]
[Result "0-1"]
[WhiteCountry "ENG"]
[BlackCountry "ENG"]
[WhiteElo "1343"]
[WhiteRD "109"]
[BlackElo "1637"]
[BlackRD "70"]
[GameID "3710"]

1. c4 d5 2. Nc3 Nf6 3. g3 dxc4 4. e3 Nbd7 5. Bxc4 Ne5 6. Qb3 Nxc4 7. Qxc4 e5 8. Nf3 Bd6 9. O-O O-O 10. Re1 Bg4
11. Qe2 e4 12. Nxe4 Nxe4 13. b3 Ng5 14. Qc4 Nxf3+ 15. Kf1 Qf6 16. Qxg4 Nxh2+ 17. Kg1 Nxg4 18. Rb1 Qxf2+
0-1

[Event "Tournament for UK players"]
[Site "SchemingMind.com"]
[Date "2004.09.03"]
[Round "-"]
[White "AdamMorris"]
[Black "Mel"]
[Result "0-1"]
[WhiteCountry "ENG"]
[BlackCountry "USA"]
[WhiteElo "1266"]
[WhiteRD "102"]
[BlackElo "1456"]
[BlackRD "88"]
[GameID "3711"]

1. d4 e6 2. c4 Nf6 3. Nc3 Bb4 4. Bd2 Bxc3 5. Bxc3 Ne4 6. Qd3 d5 7. c5 O-O 8. Nf3 Nc6 9. g3 Qe7 10. Bg2 e5
11. dxe5 Qxc5 12. O-O Be6 13. Rac1 Nxc3 14. Rxc3 Qe7 15. h4 h6 16. Nd4 Nxe5 17. Qc2 Nc4 18. Bf3 c5 19. Nf5 Qf6 20. Bg4 h5
21. Bh3 g6 22. Nh6+ Kg7 23. Bxe6 fxe6 24. Rf3 Qxb2 25. Qxb2+ Nxb2 26. Rb3 Nc4 27. g4 Kxh6 28. g5+ Kg7 29. Rxb7+ Rf7 30. Rb5 Rc8
31. Rfb1 Nb6 32. Kf1 Rf4 33. Ra5 Rc7 34. Rb3 Rxh4 35. Rc3 Nd7 36. Rca3 Kf8 37. Rxa7 Rxa7 38. Rxa7 Ne5 39. Ra6 Ke7 40. a4 c4
41. Ra7+ Kd6 42. Rb7 c3 43. Rb8 c2 44. Rc8 Nc6 45. a5 c1=Q+ 46. Kg2 Rg4+ 47. Kf3 Nd4#
0-1

[Event "Tournament for UK players"]
[Site "SchemingMind.com"]
[Date "2004.09.03"]
[Round "-"]
[White "AdamMorris"]
[Black "Stephen"]
[Result "0-1"]
[WhiteCountry "ENG"]
[BlackCountry "ENG"]
[WhiteElo "1343"]
[WhiteRD "109"]
[BlackElo "1903"]
[BlackRD "82"]
[GameID "3712"]

1. c4 Nf6 2. Nc3 c6 3. g3 d5 4. d3 dxc4 5. dxc4 Qxd1+ 6. Nxd1 Bf5 7. Ne3 Bg6 8. Nf3 Be4 9. Bg2 e6 10. O-O Bc5
11. Nd2= Bxg2 12. Nxg2 O-O 13. Nf3 Nbd7 14. Bg5 h6 15. Bf4 Rfe8 16. Rfd1 e5 17. Be3 Bxe3 18. Nxe3 Nb6 19. b3 Nfd7 20. Nf5 Rab8
21. Nd6 Re6 22. Rd2 e4 23. Nd4 Rxd6 24. Rad1 c5 25. Nb5 Rxd2 26. Rxd2 a6 27. Nd6 Nf6 28. f3 exf3 29. exf3 Rd8 30. Kf2 Nc8
31. Ke2 Rxd6 32. Rxd6 Nxd6 33. Ke3 Kf8 34. Kf4 Ke7 35. Ke5 b5 36. cxb5 axb5 37. f4 c4 38. bxc4 bxc4 39. Kd4 Nfe4 40. a4 Kd7
41. g4 Kc6 42. h4 f6 43. h5 c3 44. Kd3 Kc5 45. f5 Kb4 46. Kc2 Kxa4 47. Kc1 Kb3 48. Kb1 c2+ 49. Kc1 Ng5
0-1

[Event "Tournament for UK players"]
[Site "SchemingMind.com"]
[Date "2004.09.03"]
[Round "-"]
[White "AdamMorris"]
[Black "bunnywabbit"]
[Result "0-1"]
[WhiteCountry "ENG"]
[BlackCountry "SCO"]
[WhiteElo "1343"]
[WhiteRD "109"]
[BlackElo "1988"]
[BlackRD "103"]
[GameID "3713"]

1. e4 c5 2. c3 e6 3. Nf3 Nc6 4. Bb5 Nf6 5. d3 d5 6. e5 Nd7 7. O-O Qc7 8. Ng5 Ndxe5 9. Nd2 Be7 10. Ndf3 Nxf3+
11. Qxf3 O-O 12. Nxh7 Kxh7 13. Qh5+ Kg8 14. Bh6 gxh6 15. Qxh6 Qe5 16. Rfe1 Qg5 17. Qxg5+ Bxg5 18. Bxc6 bxc6 19. Re5 f6 20. Re2 Bd7
21. Rae1 e5 22. a3 d4 23. cxd4 cxd4 24. g3 Bg4 25. Rc2 Bf3 26. b4 a5 27. b5 cxb5 28. Rc7 b4 29. axb4 axb4 30. Rb1 Rfb8
31. h4 Bd2 32. Rb2 Bc3 33. Rc2 b3 34. Rc1 b2
0-1

[Event "Tournament for UK players"]
[Site "SchemingMind.com"]
[Date "2004.09.03"]
[Round "-"]
[White "Austin Lockwood"]
[Black "AdamMorris"]
[Result "1-0"]
[WhiteCountry "ENG"]
[BlackCountry "ENG"]
[WhiteElo "1637"]
[WhiteRD "70"]
[BlackElo "1343"]
[BlackRD "109"]
[GameID "3714"]

1. Nf3 d5 2. d4 Nf6 3. e3 e6 4. g3 Nbd7 5. Bh3 b6 6. O-O Bb4 7. Ne5 Nxe5 8. dxe5 Nd7 9. Qg4 O-O 10. Qxb4 Nxe5
11. Nd2 Bb7 12. Bg2 h6 13. Rd1 Nc6 14. Qf4 e5 15. Qg4 Ne7 16. b3 Ng6 17. Ba3 c5 18. c4 Bc8 19. Qh5 Be6 20. cxd5 Bxd5
21. Nf3 Ne7 22. Nxe5 Qc8 23. Bxd5 Nxd5 24. Rxd5 Qb7 25. Rad1 Qa6 26. Bb2 f6 27. Rd7 fxe5 28. Bxe5 Rxf2 29. Rxg7+
1-0

[Event "Tournament for UK players"]
[Site "SchemingMind.com"]
[Date "2004.09.03"]
[Round "-"]
[White "Mel"]
[Black "AdamMorris"]
[Result "1-0"]
[WhiteCountry "USA"]
[BlackCountry "ENG"]
[WhiteElo "1443"]
[WhiteRD "90"]
[BlackElo "1343"]
[BlackRD "109"]
[GameID "3715"]

1. d4 c5 2. d5 e5 3. dxe6 fxe6 4. Nf3 Nf6 5. g3 Nc6 6. Bg2 Bd6 7. O-O O-O 8. Qxd6 b6 9. Nc3 Rf7 10. Ng5 Re7
11. Bxc6 Ba6 12. Bxa8 Rf7 13. Nxf7 Qxa8 14. Ne5 Bb7 15. f3 Nh5 16. Qxd7 Qf8 17. Qxb7 Kh8 18. Rd1 Nf6 19. Nf7+ Kg8 20. Rd8 Ne8
21. Qd7 Qxf7 22. Rxe8+
1-0

[Event "Tournament for UK players"]
[Site "SchemingMind.com"]
[Date "2004.09.05"]
[Round "-"]
[White "Stephen"]
[Black "AdamMorris"]
[Result "1-0"]
[WhiteCountry "ENG"]
[BlackCountry "ENG"]
[WhiteElo "1903"]
[WhiteRD "82"]
[BlackElo "1343"]
[BlackRD "109"]
[GameID "3716"]

1. d4 d5 2. Nf3 Nf6 3. Bg5 Nbd7 4. e3 e6 5. Bd3 c5 6. c3 c4 7. Bc2 b6 8. Nbd2 Be7 9. e4 Bb7 10. e5 Nh5
11. Bxe7 Qxe7 12. O-O O-O 13. Qe2 f6 14. exf6 Rxf6 15. Rae1 Rg6 16. Bxg6 hxg6 17. Qxe6+ Qxe6 18. Rxe6 Nf4 19. Re7 Rd8 20. Ne1 Bc6
21. g3 Nh3+ 22. Kg2 Ng5 23. Nef3 Nxf3 24. Nxf3 Nf6 25. Ne5 Ba8 26. Rxa7 Ne4 27. Nxg6 Nd2 28. Re1 b5 29. f3 Bc6 30. Ne7+ Kf7
31. Nxc6+ Kf8 32. Nxd8
1-0

[Event "Tournament for UK players"]
[Site "SchemingMind.com"]
[Date "2004.09.04"]
[Round "-"]
[White "bunnywabbit"]
[Black "AdamMorris"]
[Result "1-0"]
[WhiteCountry "SCO"]
[BlackCountry "ENG"]
[WhiteElo "1988"]
[WhiteRD "103"]
[BlackElo "1343"]
[BlackRD "109"]
[GameID "3717"]

1. d4 d5 2. Nf3 Nf6 3. e3 Nbd7 4. Bd3 e6 5. O-O Bd6 6. b3 O-O 7. Bb2 c6 8. Nbd2 Qc7 9. c4 b6 10. Rc1 Ng4
11. h3 Nh2 12. Nxh2 Bxh2+ 13. Kh1 Nf6 14. g3 Bxg3 15. fxg3 Qxg3 16. Qf3 Qd6 17. e4 dxe4 18. Nxe4 Nxe4 19. Bxe4 f5 20. Bxc6 Rb8
21. Rg1 Rf7 22. d5 exd5 23. Bxd5 Kh8 24. Bxf7 Bb7 25. Bxg7#
1-0

[Event "Tournament for UK players"]
[Site "SchemingMind.com"]
[Date "2004.09.03"]
[Round "-"]
[White "loco61"]
[Black "Austin Lockwood"]
[Result "1-0"]
[WhiteCountry "ENG"]
[BlackCountry "ENG"]
[WhiteElo "1616"]
[WhiteRD "73"]
[BlackElo "1637"]
[BlackRD "70"]
[GameID "3734"]

1. e4 Nf6 2. Nc3 d5 3. exd5 Nxd5 4. Nxd5 Qxd5 5. c4 Qa5 6. a3 Nc6 7. Nf3 Bf5 8. b3 O-O-O 9. Bb2 Nd4 10. Nxd4 Qe5+
11. Be2 Bg6 12. Ra2 e6 13. Nc6 Qe4 14. Nxd8 Bh5 15. f3 Qd4 16. Bxd4 Kxd8 17. f4 Bg6 18. Bf3
1-0

[Event "Tournament for UK players"]
[Site "SchemingMind.com"]
[Date "2004.09.03"]
[Round "-"]
[White "loco61"]
[Black "Mel"]
[Result "1-0"]
[WhiteCountry "ENG"]
[BlackCountry "USA"]
[WhiteElo "1584"]
[WhiteRD "72"]
[BlackElo "1539"]
[BlackRD "81"]
[GameID "3735"]

1. e4 e5 2. Nf3 Bd6 3. Bc4 b6 4. d3 Nc6 5. Bg5 Be7 6. Qd2 h6 7. Bxe7 Qxe7 8. Nc3 Nf6 9. a3 Rb8 10. O-O O-O
11. Nh4 d6 12. Ne2 b5 13. Bb3 Bb7 14. Ng3 Nd4 15. Ba2 c5 16. c3 Ng4 17. cxd4 Qxh4 18. h3 Nf6 19. Nf5 Nxe4 20. Nxh4 Nxd2
21. Rfd1 g5 22. Nf5 Nf3+ 23. gxf3 Bxf3 24. Re1 Kh7 25. dxe5 g4 26. hxg4 Rg8 27. exd6 Rxg4+ 28. Ng3 Rh4 29. Bxf7 Rd4 30. Re7 Rf8
31. d7 Kg7 32. Nf5+ Kf6 33. Nxd4 Kxe7 34. Nxf3 Kd6 35. Bh5 Kxd7 36. Rc1 Kd6 37. b4 cxb4 38. axb4 a6 39. Ra1 Ra8 40. d4 Kd5
41. Bf7+ Ke4 42. Rf1 Rf8 43. Bh5 Kf4 44. d5 Rf5 45. Nh2 Rxh5 46. Rd1 Rg5+ 47. Kf1 Rg7 48. d6 Rd7 49. Kg2 h5 50. Kh3 Ke5
51. Kh4 Rxd6 52. Rxd6 Kxd6 53. Kxh5 Ke5 54. Kg4 Ke4 55. f4 a5 56. bxa5 b4 57. Nf1 Kd3 58. a6 b3 59. a7 b2 60. a8=Q b1=Q
61. Qd5+ Kc3 62. Qe5+ Kb4 63. Qb8+
1-0

[Event "Tournament for UK players"]
[Site "SchemingMind.com"]
[Date "2004.09.03"]
[Round "-"]
[White "loco61"]
[Black "Stephen"]
[Result "0-1"]
[WhiteCountry "ENG"]
[BlackCountry "ENG"]
[WhiteElo "1616"]
[WhiteRD "73"]
[BlackElo "1903"]
[BlackRD "82"]
[GameID "3736"]

1. e4 d5 2. exd5 Qxd5 3. Nc3 Qa5 4. Nf3 Nf6 5. a3 c6 6. Bc4 Bg4 7. h3 Bh5 8. g4 Bg6 9. Ne5 Qxe5+ 10. Ne2 Qe4
11. Bxf7+ Bxf7 12. Rf1 Nbd7 13. d3 Qd5 14. c4 Qa5+ 15. b4 Qc7 16. Bf4 e5 17. Bg3 c5 18. Qa4 Bd6 19. b5 O-O 20. g5 Nh5
21. Bh2 Nb6 22. Qb3 Rad8 23. f3 e4 24. Bxd6 Qxd6 25. fxe4 Qxd3 26. Qxd3 Rxd3
0-1

[Event "Tournament for UK players"]
[Site "SchemingMind.com"]
[Date "2004.09.03"]
[Round "-"]
[White "loco61"]
[Black "bunnywabbit"]
[Result "0-1"]
[WhiteCountry "ENG"]
[BlackCountry "SCO"]
[WhiteElo "1568"]
[WhiteRD "73"]
[BlackElo "2046"]
[BlackRD "96"]
[GameID "3737"]

1. e4 c5 2. Nf3 Nc6 3. d4 cxd4 4. Nxd4 Nf6 5. Nc3 e5 6. Nxc6 bxc6 7. Bg5 Be7 8. Bd3 O-O 9. Bc4 Bb7 10. O-O h6
11. Bh4 Nxe4 12. Bxe7 Qxe7 13. Nxe4 d5 14. Bd3 dxe4 15. Bxe4 f5 16. Bf3 Rad8 17. Qc1 e4 18. Bh5 f4 19. c4 e3 20. Bf3 Qc5
21. g3 exf2+ 22. Rxf2 fxg3 23. hxg3 Rxf3 24. Qc2 Qxf2+ 25. Qxf2 Rxf2 26. Kxf2 Rd2+
0-1

[Event "Tournament for UK players"]
[Site "SchemingMind.com"]
[Date "2004.09.03"]
[Round "-"]
[White "loco61"]
[Black "AdamMorris"]
[Result "0-1"]
[WhiteCountry "ENG"]
[BlackCountry "ENG"]
[WhiteElo "1616"]
[WhiteRD "73"]
[BlackElo "1343"]
[BlackRD "109"]
[GameID "3738"]

1. e4 f5 2. exf5 d5 3. g4 Nf6 4. Nc3 c6 5. d4 h5 6. f3 Qc7 7. Be3 hxg4 8. fxg4 Rxh2 9. Rxh2 Qxh2 10. Bh3 Na6
11. Nce2 Ne4 12. Nf4 Nb4 13. Bg2 Qg3+ 14. Kf1 Qxe3 15. Bxe4 Qxf4+ 16. Bf3 Qh2 17. Bg2 b6 18. Qd2 Ba6+ 19. Kf2 Qh4+ 20. Kf3 c5
21. dxc5 bxc5 22. a3 Nc6 23. Qxd5 Qf6 24. c3 Bb7 25. Qxc5 e6 26. Qb5 O-O-O 27. Qc4 exf5 28. Kg3 Bd6+ 29. Kf2 fxg4+ 30. Ke1 Bg3+
0-1

[Event "Tournament for UK players"]
[Site "SchemingMind.com"]
[Date "2004.09.03"]
[Round "-"]
[White "Austin Lockwood"]
[Black "loco61"]
[Result "1-0"]
[WhiteCountry "ENG"]
[BlackCountry "ENG"]
[WhiteElo "1637"]
[WhiteRD "70"]
[BlackElo "1616"]
[BlackRD "73"]
[GameID "3739"]

1. e4 e5 2. Nf3 Nc6 3. Bb5 d6 4. O-O a6 5. Ba4 b5 6. Bb3 h6 7. d4 exd4 8. Nxd4 Nxd4 9. Qxd4 Be6 10. Bxe6 fxe6
11. a4 Nf6 12. e5 Nd5 13. exd6 cxd6 14. Qg4 Kd7 15. Re1 Qf6 16. Nc3 Nxc3 17. bxc3 Be7 18. axb5 axb5 19. Rxa8 Rxa8 20. c4 Rf8
21. f3 bxc4 22. Qxc4 d5 23. Qb5+ Kd8 24. Be3 d4 25. Ra1 Kc7 26. Ra7+ Kd6 27. Rd7#
1-0

[Event "Tournament for UK players"]
[Site "SchemingMind.com"]
[Date "2004.09.03"]
[Round "-"]
[White "Mel"]
[Black "loco61"]
[Result "0-1"]
[WhiteCountry "USA"]
[BlackCountry "ENG"]
[WhiteElo "1456"]
[WhiteRD "88"]
[BlackElo "1568"]
[BlackRD "73"]
[GameID "3740"]

1. d4 d5 2. Nf3 Nc6 3. Bf4 Bg4 4. Nc3 Bxf3 5. exf3 a6 6. Be2 Nf6 7. O-O e6 8. a3 Bd6 9. Bg5 h6 10. Be3 Ne7
11. f4 O-O 12. b4 Ng6 13. Qd3 Nxf4 14. Bxf4 Bxf4 15. g3 Bd6 16. Bf3 Qd7 17. b5 axb5 18. Qxb5 b6 19. Qxd7 Nxd7 20. Nb5 Nf6
21. Rac1 Bxa3 22. Ra1 Bb2 23. Ra7 Rxa7 24. Nxa7 Bxd4 25. Nc6 Bc3 26. Rd1 Ra8 27. Kg2 b5 28. Rd3 b4 29. Nd4 e5 30. Nb5 e4
31. Bxe4 dxe4 32. Rd1 c5 33. Nd6 Rd8 34. f3 exf3+ 35. Kxf3 Be5
0-1

[Event "Tournament for UK players"]
[Site "SchemingMind.com"]
[Date "2004.09.05"]
[Round "-"]
[White "Stephen"]
[Black "loco61"]
[Result "1-0"]
[WhiteCountry "ENG"]
[BlackCountry "ENG"]
[WhiteElo "1903"]
[WhiteRD "82"]
[BlackElo "1616"]
[BlackRD "73"]
[GameID "3741"]

1. d4 d5 2. Nf3 Nc6 3. Bg5 f6 4. Bf4 Bg4 5. Nbd2 e6 6. e3 a6 7. Be2 g5 8. Bg3 Bd6 9. Bxd6 Qxd6 10. c3 Nge7
11. Qb3 b5 12. a4 bxa4 13. Rxa4 O-O 14. O-O a5 15. Rfa1 Kg7 16. Bd3 Ng6 17. Qa3 Qd7 18. Bb5 Rfd8 19. Bxc6 Qxc6 20. Rxa5 Rxa5
21. Qxa5 e5 22. dxe5 fxe5 23. Qa6 Qd7 24. Qb7 h6 25. Ra6 Qf7 26. Ra7 Rc8 27. h3 Be6 28. b4 g4 29. hxg4 Bxg4 30. b5 Qe6
31. Ra6 Qf7 32. Rc6 e4 33. Nd4 Ne5 34. Ra6 Rf8 35. f4 Bc8 36. Qa7 Bxa6 37. bxa6 Ng4 38. Qxc7 Ra8 39. Qc6 Re8 40. Nf5+ Kh7
41. Nd6 Qh5 42. Qd7+
1-0

[Event "Tournament for UK players"]
[Site "SchemingMind.com"]
[Date "2004.09.04"]
[Round "-"]
[White "bunnywabbit"]
[Black "loco61"]
[Result "1-0"]
[WhiteCountry "SCO"]
[BlackCountry "ENG"]
[WhiteElo "2046"]
[WhiteRD "96"]
[BlackElo "1568"]
[BlackRD "73"]
[GameID "3742"]

1. d4 Nf6 2. Nf3 e6 3. e3 Nc6 4. Bd3 d5 5. b3 Bb4+ 6. c3 Ba5 7. Bb2 a6 8. O-O O-O 9. Nbd2 b5 10. c4 Rb8
11. c5 Ne7 12. a3 c6 13. Ne5 Nd7 14. f4 Nf5 15. Rf3 Nxe5 16. fxe5 Qg5 17. Qe2 Rb7 18. Raf1 g6 19. b4 Bd8 20. e4 Ng7
21. Rh3 h5 22. Bc1 Qh6 23. Nc4 Bg5 24. Bxg5 Qxg5 25. Nd6 Rc7 26. Rg3 Qh6 27. exd5 exd5 28. Qf3 Bg4 29. Qf6 Ne8 30. Nxe8 Rxe8
31. h3 Be6 32. Bxg6 fxg6 33. Rxg6+ Qxg6 34. Qxg6+
1-0